000 00459cam a2200193 4500
001 B1364
008 090401t1988 xxu||||| |||| 00| 0 eng d
035 _a(Sirsi) u44018
041 _aeng
050 _a333.337
110 _aChristie and Co
_91921
245 _aBusiness facts 1987: hotels
260 _aLondon
_bChristie and Co
_c1988
300 _a1 sheet ; 30cm.
350 _a6.95
650 _aPROPERTY MARKET
942 _n0
948 _c04/03/1997
999 _c91422
_d91422